000 00472cam a2200181ua 4500
001 12118
005 20260515114836.0
008 200220n ii |||gr||||Z||||||eng
020 _a8131301834
040 _cMAIN
082 _a371.3
100 _aR C Mishra,
_eAuthor.
245 _aTeaching Styles
_cBy R C Mishra
260 _aNew Delhi:
_bAPH publishing corporation,
_c2016.
300 _a242p.
653 _aSchools & their activities special education
942 _cBK
999 _c10876
_d10876